| 000 | 00793nam a22002297a 4500 | ||
|---|---|---|---|
| 003 | BUBTL | ||
| 008 | 160118b xxu||||| |||| 00| 0 eng d | ||
| 020 | _a9788131516836 | ||
| 082 |
_22nd _a621.318/ R1836m/ 2011 |
||
| 100 |
_9798 _aRashid, Muhammad H. |
||
| 245 |
_aMicroelectronic Circuits : _bAnalysis and Design / _cMuhammad H. Rashid |
||
| 250 | _a2nd Edn. | ||
| 260 |
_aAndover: _bCengage Learning, _cc2011 |
||
| 300 |
_axi, 1283 p.: _bill.; _c25 cm. |
||
| 500 | _aIncludes Index | ||
| 505 | _aMicroelectronic Circuits,Analysis and Design, Analysis,Design, Muhammad H. Rashid, Microelectronic | ||
| 650 | 0 |
_94295 _aElectrical and Electronic Engineering |
|
| 760 | _b2nd | ||
| 856 |
_k0 _l0 _yDownload |
||
| 942 |
_2ddc _cBK |
||
| 999 |
_c5094 _d5094 |
||